000 00541nam a2200229 a 4500
003 AR-BaBNM
005 20251128203205.0
008 082120s2002 ||||||||||||||000 | spa||
040 _cAR-BaBNM
100 1 _aEchave-Sustaeta, J.
245 0 0 _aVocabulario básico
_blengua latina
250 _a4ª ed.
260 _aBarcelona
_bCefiso
_c1962
300 _a207 p.
_bmapas
521 _aSECUNDARIO
650 4 _aENSEÑANZA DE IDIOMAS
650 4 _aLATIN
650 4 _aLATIN
650 4 _aVOCABULARIO
942 _cBK
998 _cCarmen
999 _c2307
_d2307